Rail quality and maintenance for modern railway operation : (Record no. 550587)
[ view plain ]
| 000 -LEADER | |
|---|---|
| fixed length control field | 01112pam a2200229 a 4500 |
| 020 ## - INTERNATIONAL STANDARD BOOK NUMBER | |
| International Standard Book Number | 0792322630 (acidfree paper) |
| 082 00 - DEWEY DECIMAL CLASSIFICATION NUMBER | |
| Classification number | 625.15 |
| Author Mark | RAI |
| -- | L-37, P-92 |
| 100 ## - MAIN ENTRY--PERSONAL NAME | |
| Personal name | JJ Kalker |
| 9 (RLIN) | 47293 |
| 245 10 - TITLE STATEMENT | |
| Title | Rail quality and maintenance for modern railway operation : |
| Remainder of title | International Conference on Rail Quality and Maintenance for Modern Railway Operation, Delft, June 1992 / |
| Statement of responsibility, etc. | edited by J.J. Kalker and D.F. Cannon and O. Orringer. |
| 260 ## - PUBLICATION, DISTRIBUTION, ETC. | |
| Place of publication, distribution, etc. | Dordrecht ; |
| -- | Boston : |
| Name of publisher, distributor, etc. | Kluwer Academic Publishers, |
| Date of publication, distribution, etc. | c1993. |
| 300 ## - PHYSICAL DESCRIPTION | |
| Extent | x, 454 p. : |
| Other physical details | ill. ; |
| Dimensions | 25 cm. |
| 500 ## - GENERAL NOTE | |
| General note | Papers from the International Conference on Rail Quality and Maintenance for Modern Railway Operations, held in June 1992 at the Technical University, Delft. |
| 526 ## - STUDY PROGRAM INFORMATION NOTE | |
| Program name | 0 |
| Interest level | 0 |
| Reading level | 0 |
| Title point value | 625_150000000000000_RAI |
| 650 #0 - SUBJECT ADDED ENTRY--TOPICAL TERM | |
| Topical term or geographic name entry element | MCE |
| 9 (RLIN) | 379 |
| 650 #0 - SUBJECT ADDED ENTRY--TOPICAL TERM | |
| Topical term or geographic name entry element | Railroad rails |
| 9 (RLIN) | 37734 |
| 700 1# - ADDED ENTRY--PERSONAL NAME | |
| Personal name | Cannon, D. F. |
| 9 (RLIN) | 37735 |
| 700 1# - ADDED ENTRY--PERSONAL NAME | |
| Personal name | Kalker, J. J. |
| 9 (RLIN) | 37736 |
| 700 1# - ADDED ENTRY--PERSONAL NAME | |
| Personal name | Orringer, Oscar. |
| 9 (RLIN) | 37737 |
| 856 41 - ELECTRONIC LOCATION AND ACCESS | |
| Uniform Resource Identifier | <a href="http://www.loc.gov/catdir/enhancements/fy0822/93000893-t.html">http://www.loc.gov/catdir/enhancements/fy0822/93000893-t.html</a> |
| 856 42 - ELECTRONIC LOCATION AND ACCESS | |
| Uniform Resource Identifier | <a href="http://www.loc.gov/catdir/enhancements/fy0822/93000893-d.html">http://www.loc.gov/catdir/enhancements/fy0822/93000893-d.html</a> |
| 942 ## - ADDED ENTRY ELEMENTS (KOHA) | |
| Source of classification or shelving scheme | |
| Koha item type | Book |
| Withdrawn status | Lost status | Source of classification or shelving scheme | Damaged status | Not for loan | Permanent Location | Current Location | Date acquired | Total Checkouts | Full call number | Barcode | Date last seen | Price effective from | Koha item type |
|---|---|---|---|---|---|---|---|---|---|---|---|---|---|
| Military College of Engineering (MCE) | Military College of Engineering (MCE) | 11/14/2014 | 625.15 RAI | MCE-2804 | 11/14/2014 | 11/14/2014 | Book |
